Zákon č. 595/2003 Z.z. zo 4. decembra 2003 o dani z príjmov ...
Zákon č. 595/2003 Z.Z. o dani z príjmov v znení ďalších zákonov ... a zákona z 28. novembra 2007. Za novelizovaným zákonom nasleduje Dôvodová správa k tomuto zákonu.
Salvato in:
| Natura: | Capitolo di libro |
|---|---|
| Lingua: | slovacco |
| Soggetti: | |
| Tags: |
Nessun Tag, puoi essere il primo ad aggiungerne!!
|
MARC
| LEADER | 00000naa$a2200000$$$4500 | ||
|---|---|---|---|
| 001 | 0069025 | ||
| 005 | 20231106073448.2 | ||
| 041 | 0 | |a slo | |
| 044 | |a SK | ||
| 245 | 1 | 0 | |a Zákon č. 595/2003 Z.z. zo 4. decembra 2003 o dani z príjmov ... |
| 520 | |a Zákon č. 595/2003 Z.Z. o dani z príjmov v znení ďalších zákonov ... a zákona z 28. novembra 2007. Za novelizovaným zákonom nasleduje Dôvodová správa k tomuto zákonu. | ||
| 610 | 2 | 0 | |a dane z príjmov |
| 610 | 2 | 0 | |a zákony |
| 610 | 2 | 0 | |a novelizácia |
| 610 | 2 | 0 | |a Slovensko |
| 610 | 2 | 0 | |a 2003-2007 |
| 610 | 2 | 0 | |a správy dôvodové |